Geography of Kazakhstan - Statistics

General Stats
  • This quiz has been taken 302 times
  • The average score is 13 of 20
Answer Stats
Question Answer % Correct
What is the capital city of Kazakhstan? Astana
98%
What huge inland sea is Kazakhstan one of the five countries to border? Caspian Sea
92%
What name was given to the above between 2019–2022? Nur-Sultan
91%
What mountain range divides Russia into Asian and European parts and then touchesa little part of northwestern Kazakhstan? Urals
89%
What is the most populous city in Kazakhstan? Almaty
88%
What two countries does Kazakhstan almost, but not quite, border? Mongolia | Tajikistan
87%
What inland sea was formerly world's fourth largest lake and was nearly destroyed by Soviet irrigation? Aral Sea
85%
What is the largest export of Kazakhstan? Oil
84%
What is the second-largest ethnic group in Kazakhstan? Russians
79%
What persecuted Turkic ethnic group mainly reside in northwestern China, but has most of their diaspora living in Kazakhstan? Uyghurs
77%
What word, starting with S, refers to the dry grasslands that cover most of Kazakhstan? Steppe
76%
What type of "port" is Kazakhstan's "Baikonur Cosmodrome", currently leased to Russia, the world's largest of? {Space}port
59%
After what Middle Eastern capital is Kazakhstan's tallest building named? Abu Dhabi
58%
What "oblys" (administrative region) was formerly known as South Kazakhstan? {Turk}istan
58%
What river delta is located on the coast of the above and partly in Kazakhstan too? Volga Delta
57%
What mountain range makes most of Kazakhstan's southeastern borders? {Tian} Shan
43%
What is the second-largest lake located entirely in Asia? Lake {Balkhash}
42%
What major city in southern Kazakhstan is only a 2 hours drive from Tashkent? {Shym}kent
34%
Name one of Kazakhstan's two largest cities on that inland sea. Atyrau | Aktau
32%
What river, world's longest tributary river, starts in the Chinese Altai mountains, passeslargely through Kazakhstan and then becomes part of the Ob? Irtysh
19%
No matching quizzes found
Score Distribution
Percent of People with Each Score
Percentile by Number Answered
Your Score History
You have not taken this quiz